00661nam a2200169 i 450000100060000000300090000600500170001500700030003200800410003510000310007624502170010726000310032430000210035565000450037665000450042185200250046624733ES-MaACL20230906153120.0t|021218s1892 sp ||||1| spa d1 aAnglada y Rava, Joaquín.10aMemoria presentada al Ministro de Marina acompañando dos colecciones de la fauna y la flora del Golfo de Nápoles hechas al terminar sus estudios en aquella estación zoológica / cJoaquín Anglada y Rava. aMadrid : b[s.n.], c1892. a70 p. ; c25 cm. aFauna marina-zNápoles (Italia, Golfo) 4aFlora marina-zNápoles (Italia, Golfo) aES-MaACLjT-743-F-10